00432nam a22001577a 450000500170000000800410001704000070005804100120006508200260007710000240010324500540012726000450018130000240022665000130025065000110026320250626140337.0221122b ||||| |||| 00| 0 eng d cAL aEnglish 223a364.3740973bTARF aPervaiz Naeem Tariq aFemale crime in rural and urban areas of Pakistan aIslamabadbResearch Wing Womens Division a9 p.bPBc21x12 cm. aPakistan aUrban